000 01167nam0a2200337 4500
001 RU\NLR\bibl\78225
005 20250616102741.0
010 _a5-227-00102-2
_95000
021 _aRU
_b1998-50840
_92450
035 _a(NLR Aleph) 000076359
090 _a423410
_c423410
100 _a20000403d1998 |||y0rusy50 ca
101 1 _arus
_ceng
102 _aRU
105 _aa |||||||||
200 1 _aМопс
_fШирли Томас
_g[Пер. англ. Е. Нетесовой]
210 _aМ.
_cЦентрполиграф
_d1998
215 _a406,[1] с.
_cил.
_d22
225 1 _aБиблиотека американского клуба собаководства
300 _aЗагл. и авт. ориг.: The new pug/ Shirley Thomas
320 _aБиблиогр. в подстроч. прим.
454 0 _12001#$aThe new pug$fShirley Thomas
_tThe new pug
606 0 _aМопс
_92208074
_3RU\NLR\auth\661326553
686 _aП673.39мопс
700 1 _aТомас
_bШ.
_gШирли
_4070
801 0 _aRU
_bNLR
_c20000403
_gPSBO
801 1 _aRU
_bNLR
_c20000403
852 _aNLR
_j2000-5/125
942 _cBOOK
980 _aNB